ՎԱՐԴ ԿԵՍԱՐԻՈՅ = ԿԻՒԼԶԱՐԸ ԳԱՅՍԱՐԻՅԷ : (Record no. 67)
[ view plain ]
| 000 -LEADER | |
|---|---|
| fixed length control field | 04159nas a2200373 a 4500 |
| 001 - CONTROL NUMBER | |
| control field | VMC066 |
| 003 - CONTROL NUMBER IDENTIFIER | |
| control field | MEC |
| 005 - DATE AND TIME OF LATEST TRANSACTION | |
| control field | 20260112154641.0 |
| 008 - FIXED-LENGTH DATA ELEMENTS--GENERAL INFORMATION | |
| fixed length control field | 170116d18631863tu |||n||| || ||tur|d |
| 040 ## - CATALOGING SOURCE | |
| Original cataloging agency | AM-YeNLA |
| Language of cataloging | arm |
| Transcribing agency | AM-YeHGA |
| 041 0# - LANGUAGE CODE | |
| Language code of text/sound track or separate title | arm |
| -- | tur |
| 245 00 - TITLE STATEMENT | |
| Title | ՎԱՐԴ ԿԵՍԱՐԻՈՅ = ԿԻՒԼԶԱՐԸ ԳԱՅՍԱՐԻՅԷ : |
| Remainder of title | Օրագիր Երկշաբաթեայ / |
| Statement of responsibility, etc. | Խմբագիր-Տնօրէն՝ Տ․ Մարտիրոս քահանայ Նիկողոսեան Կեսարացի. |
| 260 ## - PUBLICATION, DISTRIBUTION, ETC. | |
| Place of publication, distribution, etc. | Կ. Պօլիս : |
| Name of publisher, distributor, etc. | Տպագրութիւն Ռուբենի Յ. Քիւրքճեան, |
| Date of publication, distribution, etc. | 1863. |
| 270 ## - ADDRESS | |
| Address | Ֆինճանճըլար․ |
| 300 ## - PHYSICAL DESCRIPTION | |
| Extent | 8 երես ; |
| Other physical details | (երկշաբաթեայ). |
| Dimensions | 29 x 21 սմ. |
| 362 0# - DATES OF PUBLICATION AND/OR SEQUENTIAL DESIGNATION | |
| Dates of publication and/or sequential designation | Ա տարի, 1863 (թիւ 1. Մարտ 1 - թիւ 8. Յունիս 15)․ |
| 500 ## - GENERAL NOTE | |
| General note | Կը հրատարակուի ամեն ամսոյ 1ին եւ 15ին։ |
| 504 ## - BIBLIOGRAPHY, ETC. NOTE | |
| Bibliography, etc. note | Աղբիւրներ․ <li><a href="http://tert.nla.am/archive/HAY%20GIRQ/Ardy/2001-2011/hasmikstepeyan_2005.pdf" target="_blank">Յասմիկ Ստեփանեան «Հայատառ թուրքերէն գրքերի եւ հայատառ թուրքերէն պարբերական մամուլի մատենագիտութիւն : 1727-1968» (Ստամբուլ, 2005, էջ 554) <br/></a> <li><a href="http://greenstone.flib.sci.am/gsdl/collect/400years/index/assoc/HASH0134.dir/it1.pdf" target="_blank">«Յիշատակարան: Հայ երեւելիներու կենսագրութիվնները, լուսանկարները, ձեռագիրները, գրութիւնները եւլն, եւլն, 1512-1912: Հայկական տպագրութեան 400 ամեայ յոբելեանի առիթով» (կազմող՝ Վ.Գ. Զարդարեան, Երրորդ հատոր. Պրակ ԻԹ, 1912, էջ 45թ):<br/></a> |
| 515 ## - NUMBERING PECULIARITIES NOTE | |
| Numbering peculiarities note | Իւրաքանչիւր տարուա թիւերուն երեսների համարակալումը շարունակական է, եւ կը սկսի մէկ-ով։ |
| 546 ## - LANGUAGE NOTE | |
| Language note | Բնագիրը՝ հայերեն, հայագիր թրքերէն |
| 563 ## - BINDING INFORMATION | |
| Binding note | Բոլոր թիւերը կազմուած եւ ամփոփուած են մէկ առանձին թղթածրարում, դասիչն է 513 L-V-3։ <b>Վիեննական Մխիթարեան Մենաստանում</b> առկայ են․ |
| 563 ## - BINDING INFORMATION | |
| Binding note | <br/> <b>1863</b>: Ա տարի․ <a href= " https://arar.sci.am/dlibra/publication/302787/edition/277449?language=hyw" target="_blank"> <b> թիւ 1 </b> </a> (1 Մարտ), <a href= " https://arar.sci.am/dlibra/publication/302788/edition/277450?language=hyw" target="_blank"> <b> թիւ 2 </b> </a> (15 Մարտ), <a href= " https://arar.sci.am/dlibra/publication/302789/edition/277451?language=hyw" target="_blank"> <b> թիւ 3 </b> </a> (1 Ապրիլ), <a href= " https://arar.sci.am/dlibra/publication/302790/edition/277452?language=hyw" target="_blank"> <b> թիւ 4 </b> </a> (15 Ապրիլ), <a href= " https://arar.sci.am/dlibra/publication/302791/edition/277453?language=hyw" target="_blank"> <b> թիւ 5 </b> </a> (1 Մայիս), <a href= " https://arar.sci.am/dlibra/publication/302792/edition/277454?language=hyw" target="_blank"> <b> թիւ 6 </b> </a> (15 Մայիս), <a href= " https://arar.sci.am/dlibra/publication/302793/edition/277455?language=hyw" target="_blank"> <b> թիւ 7 </b> </a> (1 Յունիս), <a href= " https://arar.sci.am/dlibra/publication/302794/edition/277456?language=hyw" target="_blank"> <b> թիւ 8 </b> </a> (15 Յունիս): |
| 650 #4 - SUBJECT ADDED ENTRY--TOPICAL TERM | |
| Topical term or geographic name entry element | Հայերէն եւ Հայագիր թրքերէն մամուլ |
| Chronological subdivision | XIX դ |
| -- | 1863 |
| Form subdivision | Պարբերականներ |
| 650 #4 - SUBJECT ADDED ENTRY--TOPICAL TERM | |
| Topical term or geographic name entry element | Հասարակական քաղաքական կեանք |
| Chronological subdivision | XIX դ |
| -- | 1863 |
| Form subdivision | Պարբերականներ |
| 650 #4 - SUBJECT ADDED ENTRY--TOPICAL TERM | |
| Topical term or geographic name entry element | տպ. "Ռ․ Քիւրքճեան" |
| 651 #4 - SUBJECT ADDED ENTRY--GEOGRAPHIC NAME | |
| Geographic name | Իսթամպուլ |
| 651 #4 - SUBJECT ADDED ENTRY--GEOGRAPHIC NAME | |
| Geographic name | Թուրքիա |
| 651 #4 - SUBJECT ADDED ENTRY--GEOGRAPHIC NAME | |
| Geographic name | Եւրոպա |
| 655 #4 - INDEX TERM--GENRE/FORM | |
| Genre/form data or focus term | Թերթ |
| 700 1# - ADDED ENTRY--PERSONAL NAME | |
| Personal name | Նիկողոսեան, Մարտիրոս |
| Dates associated with a name | 1815-1895 |
| Relator term | քահանայ |
| -- | խմբ. |
| 856 41 - ELECTRONIC LOCATION AND ACCESS | |
| Link text | Կարդալ առցանց - Read Online - Online lesen - Leggi online |
| Uniform Resource Identifier | <a href="https://arar.sci.am/dlibra/publication/302786?language=hyw#structure">https://arar.sci.am/dlibra/publication/302786?language=hyw#structure</a> |
| 942 ## - ADDED ENTRY ELEMENTS (KOHA) | |
| Source of classification or shelving scheme | Universal Decimal Classification |
| Koha item type | Թերթեր / Newspapers |
| Suppress in OPAC | No |
No items available.
ՎԻԵՆՆԱՅԻ ՄԵՆԱՍՏԱՆԻՆ մամուլին շտեմարանը = THE VIENNA Congregation Periodicals Portal